Normal view
MARC view
Entry Corporate Name
001 - CONTROL NUMBER
- control field: 2981
003 - CONTROL NUMBER IDENTIFIER
- control field: OSt
005 - DATE AND TIME OF LATEST TRANSACTION
- control field: 20211028141457.0
008 - FIXED-LENGTH DATA ELEMENTS
- fixed length control field: 211028|| aca||aabn | a|a d
040 ## - CATALOGING SOURCE
- Original cataloging agency: OSt
- Transcribing agency: OSt
110 ## - HEADING--CORPORATE NAME
- Corporate name or jurisdiction name as entry element: INAT Solutions
670 ## - SOURCE DATA FOUND
- Source citation: Work cat.: (OSt): Karkera, Snthosh B;Suchetha., Suchetha. 60471424 2979, V4 software system., 2009